Σχεδιασμός και υλοποίηση διαδικτυακού χώρου για τα μουσεία της Λέσβου : μεταπτυχιακή διατριβή
Αποθηκεύτηκε σε:
| Κύριος συγγραφέας: | |
|---|---|
| Συγγραφή απο Οργανισμό/Αρχή: | |
| Άλλοι συγγραφείς: | |
| Μορφή: | Thesis Βιβλίο |
| Γλώσσα: | Greek |
| Δημοσίευση: |
2010
|
| Θέματα: | |
| Διαθέσιμο Online: | http://hdl.handle.net/11610/16127 |
| Ετικέτες: |
Προσθήκη ετικέτας
Δεν υπάρχουν, Καταχωρήστε ετικέτα πρώτοι!
|
MARC
| LEADER | 00000cam a2200000 i 4500 | ||
|---|---|---|---|
| 001 | 1/9978 | ||
| 008 | 100820s2010 gre d | ||
| 035 | |l 10108840 | ||
| 040 | |a GR-MY-UA |b gre |e aacr | ||
| 041 | 0 | |a gre | |
| 082 | 0 | |a 069.5 |2 (22) | |
| 100 | 1 | |a Τσιαγκλιώτης, Γεώργιος. | |
| 245 | 1 | 0 | |a Σχεδιασμός και υλοποίηση διαδικτυακού χώρου για τα μουσεία της Λέσβου : |b μεταπτυχιακή διατριβή / |c Γεώργιος Νικολάου Τσιαγκλιώτης |
| 260 | |c 2010 | ||
| 300 | |a 81 σ.; |b εικ.; |c 30 εκ. | ||
| 500 | |a Βιβλιογραφία: σ. 79-80 | ||
| 502 | |a Διατριβή (μεταπτυχιακή) – Πανεπιστήμιο Αιγαίου, Λέσβος, 2010. | ||
| 650 | 0 | 0 | |a Web sites |x Design |x Case studies. |
| 650 | 0 | 0 | |a Museums |z Greece |z Lesbos Island. |
| 650 | 0 | 0 | |a Museums |x Databases. |
| 650 | 0 | 0 | |a Dissertations, Academic |z Greece. |
| 700 | 1 | |4 ths |a Παυλογεωργάτος, Γεράσιμος Δ. | |
| 710 | 2 | |a Πανεπιστήμιο Αιγαίου. |b Σχολή Κοινωνικών Επιστημών. |b Τμήμα Πολιτισμικής Τεχνολογίας και Επικοινωνίας. |b Πρόγραμμα Μεταπτυχιακών Σπουδών Πολιτισμική Πληροφορική και Επικοινωνία. | |
| 852 | |a INST |b LESVOS |c DIATR |e 20100820 |h 345 |p 005100048429 |q 005100048429 |t MTXE |y 23 | ||
| 852 | |a INST |b LESVOS |c DIATR |e 20100820 |h 346 |p 005100048430 |q 005100048430 |t MTXE |y 23 | ||
| 856 | |u http://hdl.handle.net/11610/16127 | ||
| 901 | |a BIBL1-2010-2 | ||
| 909 | |a Λ |b 166435 | ||
| 909 | |a Λ |b 166434 | ||
| 924 | |a ΤΣΙΑΓΚΛΙΩΤΗΣ |b ΓΕΩΡΓΙΟΣ |y ΛΕΣΒΟΣ |z 2010-05 | ||
| 970 | |a ΤΖΑΦΕΡΗ |b ΕΥΑΓΓΕΛΙΑ |z 2010/08/20 | ||